Report writing /

Bibliographic Details
Main Author: Gaum, Carl Gilbert
Other Authors: Graves, Harold F. (Harold Frank), 1898-, Hoffman, Lyne Starling Sullivant
Format: Book
Language:English
Published: New York : Prentice-Hall, inc., 1942.
Edition:Rev. ed.
Subjects:

MARC

Tag First Indicator Second Indicator Subfields
LEADER 00000cam a2200000 4500
001 in00000021345
005 20151007062300.0
008 761014r19421929nyuak b 00010 eng
010 |a  42016365  
035 |a (OCoLC)02503036 
035 |9 AAD4438AM 
040 |a DLC  |c TOL  |d TXA  |d UtOrBLW 
049 |a TXAM  |c [146603] 
050 0 0 |a PE1478  |b .G3 1942 
082 0 |a 808 
092 |a 808  |b G271r, 1942 
100 1 |a Gaum, Carl Gilbert. 
245 1 0 |a Report writing /  |c By Carl G. Gaum...Harold F. Graves...and Lyne S. S. Hoffman. 
250 |a Rev. ed. 
264 1 |a New York :  |b Prentice-Hall, inc.,  |c 1942. 
300 |a xv pages, 1 ., 332 pages including illustrations, tables, diagrams, forms :  |b folded blue-print. ;  |c 24 cm. 
336 |a text  |b txt  |2 rdacontent 
337 |a unmediated  |b n  |2 rdamedia 
338 |a volume  |b nc  |2 rdacarrier 
500 |a "First printing, July 1929 ... fifth printing, May 1942." 
504 |a "Bibliography of books and periodicals useful to the report writer": pages 284-305. 
650 0 |a Report writing. 
650 0 |a English language  |x Rhetoric. 
700 1 |a Graves, Harold F.  |q (Harold Frank),  |d 1898- 
700 1 |a Hoffman, Lyne Starling Sullivant. 
999 |a MARS 
999 f f |s 198d7552-96e5-39a2-90f9-776559c24373  |i ffba9b48-6363-3da4-a81d-eb17bcf9ea67  |t 0 
952 f f |p ric  |a Texas A&M University  |b Rellis Campus  |c Joint Library Facility  |d Remote Storage  |t 0  |e PE1478 .G3 1942  |h Library of Congress classification  |i unmediated -- volume  |m A14801193811 
998 f f |a PE1478 .G3 1942  |t 0  |l Remote Storage